• 首页
  • 本馆介绍
  • 公告通知
  • 最新文献
  • 馆藏检索
  • 电子资源
  • 读者导购
  • 参考咨询
  • 我的图书馆
  • 登录
  • 详细信息显示
  • 放入我的书架
  • 预约/预借图书
  • 作者相关作品
  • 分类相关作品
  • 丛书相关作品
  • 出版社相关作品

书目信息

  • 表格格式
  • 工作单格式
  • 卡片格式
题名:
布德尔
    
 
作者: 啸声 编著
分册:  
出版信息: 南昌   江西美术出版社  2013
页数: 120页
开本: 29cm
丛书名: 《当代欧美具象艺术》丛书
单 册:
中图分类: J231(565)
科图分类:
主题词: 雕塑--作品集--法国--现代 , 油画--作品集--法国--现代 , 素描--作品集--法国--现代 , 雕塑 , 油画 , 素描
电子资源:
ISBN: 978-7-5480-1786-8
000 00928nam0 2200313 450
001 006579175
005 20140612094131.73
010    @a978-7-5480-1786-8@dCNY43.00
100    @a20130423d2013 em y0chiy0110 ea
101 0  @achi
102    @aCN@b360000
105    @aa z 000yd
106    @ar
200 1  @a布德尔@9bu de er@dAntoine Bourdelle@f啸声编著@zeng
210    @a南昌@c江西美术出版社@d2013
215    @a120页@c图@d29cm
225 1  @a《当代欧美具象艺术》丛书
330    @a本书对艺术家布德尔作了简要介绍,并收录他的绘画作品,包括油画、雕塑、水彩素描。
510 1  @aAntoine Bourdelle@zeng
606 0  @a雕塑@x作品集@y法国@z现代
606 0  @a油画@x作品集@y法国@z现代
606 0  @a素描@x作品集@y法国@z现代
606 0  @a雕塑
606 0  @a油画
606 0  @a素描
690    @aJ231(565)@v5
701  0 @a啸声@9xiao sheng@f(1938~)@4编著
801  0 @aCN@bNLC@c20130603
905    @b548628-30@dJ231(565)@e97@f3
    
    布德尔=Antoine Bourdelle/啸声编著.-南昌:江西美术出版社,2013
    120页:图;29cm.-(《当代欧美具象艺术》丛书)
    
    
    ISBN 978-7-5480-1786-8:CNY43.00
    本书对艺术家布德尔作了简要介绍,并收录他的绘画作品,包括油画、雕塑、水彩素描。
●
相关链接 在E读中查询图书 在五车中查询图书 在当当中查询图书 在豆瓣中查询图书


正题名:布德尔     索取号:J231(565)/97         预约/预借

序号 登录号 条形码 馆藏地/架位号 状态 备注
1 548628   205486286   第一样本阅览室/ [索取号:J231(565)/97] 在馆    
2 548629   205486295   第一借阅区/ [索取号:J231(565)/97] 在馆    
3 548630   205486302   第一借阅区/ [索取号:J231(565)/97] 在馆    
唐山师范学院图书馆 欢迎您!
大连网信软件有限公司© 版权所有